Statistiques concernant Quiz de Brooklyn Nine-Nine

Cliquez ici pour prendre le quiz!

Statistiques générales

  • Ce quiz a été pris 13 fois
  • Le résultat moyen est 4 sur 15

Statistiques - réponses

Question Réponse % Correct
RJH est pour quoiRaymond Jacob Holt
58%
Selon le classement de Boyle, a quelle position Sal's pizza était classé8
58%
Qui a pris l'Ancien appartement de JakeGina
50%
De quoi Jake est allergiqueAbeille
42%
Dans quel saison Jake emmenage avec AmySaison 4
33%
A quel age le pere de Jake l'a abandoné7 ans
25%
Quel est le nom de la mere de JakeKaren
25%
Jake a quelle age dans la saison 133 ans
17%
De quel équipe NBA Jake est-il fanNets
17%
Quel est le prénom d'HitchcokMichael
17%
A quelle age Hitchcok est devenu chauve15 ans
8%
Quelle est le nom complet du mari de RaymondKevin Cozner
8%
Quel est le nom de l'episode ou Jake demande Amy en mariageHaloVeen
0%
Quelle est la phobie d'AmyClaustrophobe
0%
Entre quel endroit et quel endroit le pere de Jake fais des volsEntre Albany et Quebec
0%

Distribution des résultats

Percentile by Number Answered

% des personnes avec chaque résultat

Votre développement - résultats

Vous n’avez pas pris ce quiz